000 00451nam a2200145Ia 4500
008 210716s2005 xx 000 0 und d
020 _a0195667603
041 _aeng
082 _a361 DESM
100 _aDesai, Meghnad.
245 _aDevelopment and nationhood: essays in the political economy of South Asia.
_bEssays in the political economy of South Asia.
250 _a1
260 _aNew Delhi
_bOxford University Press
_c2005
300 _axi,410
999 _c201361
_d201361